000 00640nam a22002297a 4500
003 UA-OsUOA
001 95393
007 ta
008 20130227b un ||||| |||| 00| 0 ukr d
100 _aЕфимов И.
090 _a821.161.1
_bЕ91
942 _cBK
040 _aUA-OsUOA
_brus
_cUA-OsUOA
_dUA-OsUOA
245 _aСвернуть всякое иго
_bповесть о Джоне Лилберне
300 _a398 с.
955 _a3
041 _arus
080 _a821.161.1
260 _aМ.
_bПолитиздат
_c1977
650 7 _a82 Література. Літературознавство
_2UDC
999 _c381626
_d381626